| 000 | 01355nam a22002537a 4500 | ||
|---|---|---|---|
| 999 |
_c8733 _d8733 |
||
| 003 | GBCCL | ||
| 005 | 20241126110657.0 | ||
| 008 | 210922b ||||| |||| 00| 0 eng d | ||
| 020 | _a9781433688874 | ||
| 020 | _a1433688875 | ||
| 040 | _cGBC | ||
| 082 |
_a262 _bCHU |
||
| 100 |
_aJamison, Bobby _915403 |
||
| 245 |
_aUnderstanding baptism / _cBobby Jamison ; series editor, Jonathan Leeman. |
||
| 260 |
_aNashville, Tennessee : _bB & H Books, _c[2016] ©2016 |
||
| 300 |
_avi, 74 pages ; _c18 cm |
||
| 440 |
_aChurch basics _915402 |
||
| 505 | _aWhat's the big deal about baptism? Jesus commands his disciples to be baptized, and it's a glorious picture of a person's union with Jesus' death, burial, and resurrection. Still, many Christians feel unclear about the topic, having more questions than answers. This short work provides a biblical explanation of baptism. What is it? Who should be baptized? Why is it required for church membership? And how should churches practice baptism? | ||
| 505 | _aWhat is baptism? -- Who should be baptized? -- What about infant baptism? -- Why is baptism required for church membership? -- When is "baptism" not baptism -- How should churches practice baptism? | ||
| 650 |
_aBaptism. _92157 |
||
| 650 |
_aInfant baptism. _915404 |
||
| 650 |
_aBaptism and church membership. _915405 |
||
| 942 |
_2ddc _cBK _01 |
||